| 000 | 01576cam a2200409 a 4500 | ||
|---|---|---|---|
| 001 | 5386799 | ||
| 003 | OSt | ||
| 005 | 20240823124508.0 | ||
| 008 | 970728s1997 le b 001 0 ara | ||
| 010 | _a 97963303 | ||
| 020 | _a9953851123 | ||
| 035 | _a(CStRLIN)DCLN97963303-B | ||
| 040 |
_aDLC-R _cDLC-R _dCStRLIN |
||
| 042 | _alcode | ||
| 050 | 0 | 0 |
_aPJ7700.U4 _bA17 1997 |
| 066 | _c(3 | ||
| 082 |
_a892.71 _bUMA/D |
||
| 100 | 0 |
_aʻUmar ibn Abī Rabīʻah, _d643 or 644-711 or 712 _6880-01 _99758 |
|
| 240 | 1 | 0 | _aPoems |
| 245 | 1 | 0 |
_6880-02 _aDīwān ʻUmar ibn Abī Rabīʻah / _ctaqdīm wa-tartīb wa-sharḥ Qadrī Māyū. |
| 250 |
_6880-03 _aal-Ṭabʻah 1. |
||
| 260 |
_6880-04 _aBeirūt : _bʻĀlam al-Kutub, _c1997. |
||
| 300 | _a360p | ||
| 504 | _aIncludes bibliographical references and index. | ||
| 520 | _aArabic poetry; 622-750; commentaries. | ||
| 600 | 0 | 0 |
_6880-05 _aʻUmar ibn Abī Rabīʻah, _d643 or 644-711 or 712 _xCriticism and interpretation. |
| 700 | 1 |
_6880-06 _aMāyū, Qadrī. |
|
| 880 | 0 |
_6100-01/(3/r _aعمر بن أبي ربيعة. |
|
| 880 | 1 | 0 |
_6245-02/(3/r _aديوان عمر بن أبي ربيعة / _cتقديم وترتيب وشرح قدري مايو. |
| 880 |
_6250-03/(3/r _aالطبعة 1. |
||
| 880 |
_6260-04/(3/r _aبيروت : _bعالم الكتب،، _c1997. |
||
| 880 | 0 | 4 |
_6600-05/(3/r _aعمر بن أبي ربيعة. |
| 880 | 1 |
_6700-06/(3/r _aمايو، قدري. |
|
| 906 |
_a7 _bcbc _corigode _du _encip _f19 _gn-rlinjack |
||
| 942 |
_2ddc _cBK _h892.71 _iUMA/D _k892.71 _mUMA/D |
||
| 999 |
_c42665 _d42665 |
||